00668nam a22001457a 4500008004100000040005500041080002300096245013100119260005900250300000900309650002700318942001200345999001700357952014800374230331b |||||||| |||| 00| 0 eng d aNational Science LibrarycNational Science Library aD 778.1(082.2)bK2 aProceedings of the 1st annual conference held at Olympia , London on 4th Octobers 1962c/ Institute of Reprographic Technology aLondon: bInstitute of Reprographic Technology, c1962 a23p. aInformation technology 2udccPR c17395d17395 00102udc406D_77810822_K270925864aNSLbNSLcGF/Rk-4/C-19/R-4d1964-11-13l0oD 778.1(082.2) K2p10450r2023-03-31 00:00:00w1964-11-13yPR